LEADER 00972nam0-2200289---450- 001 990008244510403321 005 20060516155424.0 035 $a000824451 035 $aFED01000824451 035 $a(Aleph)000824451FED01 035 $a000824451 100 $a20051213d1989----km-y0itay50------ba 101 0 $aita 102 $aIT 105 $ay-------001yy 200 1 $a<>personale della provincia di Napoli$ebrevi note introduttive per un'indagine sulle risorse umane$f[Amministrazione provinciale di Napoli] 210 $aNapoli$cUfficio Studi e Programmazione Provincia di Napoli$d1989 215 $a37 p. 676 $a331.11$v12 rid.$zita 710 01$aNapoli$c.$bAssessorato alla programmazione.$bUfficio studi e programmmazione$0499304 801 0$aIT$bUNINA$gRICA$2UNIMARC 901 $aBK 912 $a990008244510403321 952 $aF 163$bs.i.$fDSS 959 $aDSS 996 $aPersonale della provincia di Napoli$9737140 997 $aUNINA